header

Water infrastructure issues (Record no. 13072)

MARC details
000 -LEADER
fixed length control field 01664nam a2200397 a 4500
082 04 - DEWEY DECIMAL CLASSIFICATION NUMBER
Classification number 363.6/10973
245 00 - TITLE STATEMENT
Title Water infrastructure issues
260 ## - PUBLICATION, DISTRIBUTION, ETC. (IMPRINT)
Place of publication New York :
Name of publisher Nova Science Publishers,
Year of publication c2011.
300 ## - PHYSICAL DESCRIPTION
Number of Pages viii, 199 p. :
Other physical details ill. (some col.), maps.
490 1# - SERIES STATEMENT
Series statement Water resource planning, development and management
Series statement Environmental science, engineering and technology
650 #0 - SUBJECT ADDED ENTRY--TOPICAL TERM
Topical Term Waterworks
Topical Term Waterworks
Topical Term Water-supply, Rural
700 1# - ADDED ENTRY--PERSONAL NAME
Personal name Haffner, James D.
Personal name Gennady, Elizabeth M.
856 40 - ELECTRONIC LOCATION AND ACCESS
Uniform Resource Identifier http://site.ebrary.com/lib/rucke/Doc?id=10686380

No items available.

© 2026 Rongo University
Contact us: librarian | system librarian | Rongo university